African conference on local courts and customary law
Сохранить в:
| Корпоративные авторы: | , |
|---|---|
| Другие авторы: | |
| Формат: | Материалы конференции |
| Опубликовано: |
Dar es salaam :
University college of Dar es salaam,
19963.
|
| Предметы: | |
| Метки: |
Добавить метку
Нет меток, Требуется 1-ая метка записи!
|
MARC
| LEADER | 00000nam a2200000 4500 | ||
|---|---|---|---|
| 020 | |a NA | ||
| 040 | |a MUL |b eng. |c MUL |e AACR | ||
| 082 | |a 340.092 TAN |b 1 | ||
| 110 | |a Tanzania | ||
| 111 | |d 8th September, 1963 -18th September, 1963 |c Dar es salaam |a African conference on local courts and customary law : record on the proceedings of the conference held in Dar es salaam, Tanzania | ||
| 245 | |a African conference on local courts and customary law |c / Sheikh Amri Abedi | ||
| 260 | |a Dar es salaam : |b University college of Dar es salaam, |c 19963. | ||
| 300 | |a 143 p. : |b ill. ; |c 23 cm. | ||
| 504 | |a Includes references | ||
| 650 | |a Local courts |z Tanzania | ||
| 650 | |a Customary law | ||
| 650 | |a Jurisdiction of local courts | ||
| 700 | |a Abedi, Sheikh Amri | ||
| 942 | |c CC | ||
| 999 | |c 671 |d 671 | ||